| Tag |
First Indicator |
Second Indicator |
Subfields |
| LEADER |
00000cam a22000001 4500 |
| 001 |
in00000324721 |
| 005 |
20151010165237.0 |
| 008 |
720427s1962 nyua 00000 eng d |
| 010 |
|
|
|a 62008962
|
| 035 |
|
|
|a (OCoLC)00368045
|
| 035 |
|
|
|9 ABJ9001AM
|
| 040 |
|
|
|a DLC
|c DLC
|d TXA
|d UtOrBLW
|
| 049 |
|
|
|a TXAM
|c 1 [951443]
|c 2 [919097]
|
| 090 |
|
|
|a AC8
|b .G764
|
| 100 |
1 |
|
|a Goodman, Paul,
|d 1911-1972.
|
| 245 |
1 |
0 |
|a Utopian essays and practical proposals.
|
| 264 |
|
1 |
|a New York :
|b Random House,
|c [1962]
|
| 300 |
|
|
|a 289 pages :
|b illustrations
|
| 336 |
|
|
|a text
|b txt
|2 rdacontent
|
| 337 |
|
|
|a unmediated
|b n
|2 rdamedia
|
| 338 |
|
|
|a volume
|b nc
|2 rdacarrier
|
| 999 |
|
|
|a MARS
|
| 999 |
f |
f |
|s 7ef87820-b9db-359a-b82e-30d9e1b01ad9
|i e6406171-35c8-3267-a9e1-c37e29cd1c72
|t 0
|
| 952 |
f |
f |
|p ric
|a Texas A&M University
|b Rellis Campus
|c Joint Library Facility
|s JLF
|d Remote Storage
|t 0
|e AC8 .G764
|h Library of Congress classification
|i unmediated -- volume
|m A14801563147
|
| 998 |
f |
f |
|a AC8 .G764
|t 0
|l Remote Storage
|